000 00557nam a2200205Ia 4500
005 20250923145827.0
008 008 250917s9999 xx 000 0 eng d
037 _aTextual
040 _aDSWL
_beng
_cDSWL
041 _aeng
_2eng
084 _aY:f, N80
_qDSWL
100 _aRutman, L.
_9839343
245 0 _aPlanning useful evaluations: Evaluatility Assessment
_cby L. Rutman
260 _aNew Delhi
_bSage
_c1980
300 _a208p.
365 _aUSD
_b14.95
925 _g14.95
942 _cTEXL
_hY:f, N80
999 _c1456186
_d1456186